Poltical doctrines of Sun Yatsen: an exposiitiion of the San Min Chu I (Record no. 372323)

000 -LEADER
fixed length control field 00485cam a22001457a 4500
008 - FIXED-LENGTH DATA ELEMENTS--GENERAL INFORMATION
fixed length control field 180718b1937 xxu||||| |||| 00| 0 eng d
082 ## - DEWEY DECIMAL CLASSIFICATION NUMBER
Classification number B2x51 Su71/L641
100 ## - MAIN ENTRY--PERSONAL NAME
Personal name Linebarger, Paul Myron Anthony
245 ## - TITLE STATEMENT
Title Poltical doctrines of Sun Yatsen: an exposiitiion of the San Min Chu I
Statement of responsibility, etc. by Paul Myron Anthony Linebarger
260 ## - PUBLICATION, DISTRIBUTION, ETC.
Place of publication, distribution, etc. Baltimore
Name of publisher, distributor, etc. Johns Hopkins
Date of publication, distribution, etc. 1937
300 ## - PHYSICAL DESCRIPTION
Extent 278p.
500 ## - GENERAL NOTE
General note $5.00
650 ## - SUBJECT ADDED ENTRY--TOPICAL TERM
Topical term or geographic name entry element Sun Yat - Sen 1867 - 1925.
650 ## - SUBJECT ADDED ENTRY--TOPICAL TERM
Topical term or geographic name entry element Poltiical Science - China
Holdings
Withdrawn status Lost status Damaged status Not for loan Permanent Location Current Location Date acquired Full call number Barcode Date last seen Price effective from Koha item type
        Indian Institute of Public Administration Indian Institute of Public Administration 1994-06-15 B2x51 Su71/L641 14576 2018-07-21 2018-07-21 Book

Powered by Koha